MARC details
| 000 -LEADER |
| fixed length control field |
03668cam a2200409 i 4500 |
| 001 - CONTROL NUMBER |
| control field |
22297252 |
| 003 - CONTROL NUMBER IDENTIFIER |
| control field |
BDDh-ASL |
| 005 - DATE AND TIME OF LATEST TRANSACTION |
| control field |
20231015030948.0 |
| 008 - FIXED-LENGTH DATA ELEMENTS--GENERAL INFORMATION |
| fixed length control field |
211103s2021 nyuab b 001 0 eng |
| 010 ## - LIBRARY OF CONGRESS CONTROL NUMBER |
| LC control number |
2021049962 |
| 020 ## - INTERNATIONAL STANDARD BOOK NUMBER |
| International Standard Book Number |
9781685071202 |
| Qualifying information |
(hardcover) |
| 020 ## - INTERNATIONAL STANDARD BOOK NUMBER |
| Canceled/invalid ISBN |
9781685072155 |
| Qualifying information |
(adobe pdf) |
| 040 ## - CATALOGING SOURCE |
| Original cataloging agency |
DLC |
| Language of cataloging |
eng |
| Transcribing agency |
DLC |
| Modifying agency |
DLC |
| -- |
BDDh-ASL |
| 042 ## - AUTHENTICATION CODE |
| Authentication code |
pcc |
| 043 ## - GEOGRAPHIC AREA CODE |
| Geographic area code |
a-cc--- |
| -- |
a-ii--- |
| -- |
as----- |
| 050 00 - LIBRARY OF CONGRESS CALL NUMBER |
| Classification number |
DS740.5.I5 |
| Item number |
K37 2021 |
| 082 00 - DEWEY DECIMAL CLASSIFICATION NUMBER |
| Classification number |
327.51054 |
| Edition number |
23/eng/20211103 |
| Item number |
KAI |
| 100 1# - MAIN ENTRY--PERSONAL NAME |
| Personal name |
Karim, Mohammad Aminul, |
| Relator term |
author. |
| 245 10 - TITLE STATEMENT |
| Title |
Is China encircling India? / |
| Statement of responsibility, etc. |
Mohd Aminul Karim. |
| 264 #1 - PRODUCTION, PUBLICATION, DISTRIBUTION, MANUFACTURE, AND COPYRIGHT NOTICE |
| Place of production, publication, distribution, manufacture |
New York : |
| Name of producer, publisher, distributor, manufacturer |
NOVA Science Publishers, |
| Date of production, publication, distribution, manufacture, or copyright notice |
[2021] |
| 300 ## - PHYSICAL DESCRIPTION |
| Extent |
xix, 219 pages : |
| Other physical details |
illustrations, maps ; |
| Dimensions |
23 cm. |
| 336 ## - CONTENT TYPE |
| Content type term |
text |
| Content type code |
txt |
| Source |
rdacontent |
| 337 ## - MEDIA TYPE |
| Media type term |
unmediated |
| Media type code |
n |
| Source |
rdamedia |
| 338 ## - CARRIER TYPE |
| Carrier type term |
volume |
| Carrier type code |
nc |
| Source |
rdacarrier |
| 490 0# - SERIES STATEMENT |
| Series statement |
Asian political, economic and social issues |
| 504 ## - BIBLIOGRAPHY, ETC. NOTE |
| Bibliography, etc. note |
Includes bibliographical references (pages 187-206) and index. |
| 520 ## - SUMMARY, ETC. |
| Summary, etc. |
"Encircling India from different flanks is seemingly a key strategic objective of China, apart from others. China needs dominance in this part of the world both for economic and strategic reasons. China wants to regain its lost grandeur that it lost during the 'Century of Humiliation' on the world stage. Southeast Asia is generally under China's influence, by means foul or fair. It could even manage the Philippines after it got a verdict in its favor in the international court on an issue related to the South China Sea. China's economic power is impacting its relations with Southeast Asian countries. Given the recent conflict between China and India, India is more likely to align itself with the United States. India is a strong partner in the Quadrilateral Dialogue (QUAD), alongside Japan, the United States, and Australia. The QUAD is getting stronger militarily, and the U.S. has been generous to India, especially under former President George W. Bush, who signed a civil nuclear agreement that set India as a nuclear power. India is likely to become a potent naval force in the Indian Ocean, where China is also making advances. China is now more closely aligned with Russia. The combined forces of China and Russia are a great deterrent to the United States. Added to that, the Bridge and Road Initiative (BRI) is drawing more countries across Asia, Africa, Europe, and the Middle East. The coming decade won't be divided by an iron curtain but clearly by two blocks vying for influence. China has huge economic and proximity advantage whereas the United States has its military component and potent alliance powers especially with India and Japan. After the pandemic, the turn of history may be different, so the 21st century scenario development may be problematic as it stands now. That said, the book attempts projection and scenario development extrapolating the vexed issues and events between India and China within the broader framework of Indo-Pacific"-- |
| Assigning source |
Provided by publisher. |
| 651 #0 - SUBJECT ADDED ENTRY--GEOGRAPHIC NAME |
| Geographic name |
China |
| General subdivision |
Foreign relations |
| Geographic subdivision |
India. |
| 651 #0 - SUBJECT ADDED ENTRY--GEOGRAPHIC NAME |
| Geographic name |
India |
| General subdivision |
Foreign relations |
| Geographic subdivision |
China. |
| 651 #0 - SUBJECT ADDED ENTRY--GEOGRAPHIC NAME |
| Geographic name |
China |
| General subdivision |
Foreign relations |
| Chronological subdivision |
21st century. |
| 651 #0 - SUBJECT ADDED ENTRY--GEOGRAPHIC NAME |
| Geographic name |
India |
| General subdivision |
Foreign relations |
| Chronological subdivision |
21st century. |
| 651 #0 - SUBJECT ADDED ENTRY--GEOGRAPHIC NAME |
| Geographic name |
South Asia |
| General subdivision |
Strategic aspects. |
| 776 08 - ADDITIONAL PHYSICAL FORM ENTRY |
| Relationship information |
Online version: |
| Main entry heading |
Karim, Mohammad Aminul. |
| Title |
Is China encircling India? |
| Place, publisher, and date of publication |
New York : NOVA Science Publishers, [2021] |
| International Standard Book Number |
9781685072155 |
| Record control number |
(DLC) 2021049963 |
| 906 ## - LOCAL DATA ELEMENT F, LDF (RLIN) |
| a |
7 |
| b |
cbc |
| c |
orignew |
| d |
1 |
| e |
ecip |
| f |
20 |
| g |
y-gencatlg |
| 942 ## - ADDED ENTRY ELEMENTS (KOHA) |
| Source of classification or shelving scheme |
Dewey Decimal Classification |
| Koha item type |
Books |